| 000 | 00769nam a2200193Ii 4500 | ||
|---|---|---|---|
| 003 | JO-AjNU | ||
| 008 | 230605s9999||||xx |||||||||||||| ||und|| | ||
| 040 |
_aJO-AjNU _bara _erda _cJO-AjNU |
||
| 041 | _aara | ||
| 050 | 1 | 4 | _aPJ1291. M2 1978 |
| 100 | 3 |
_aاختارها وقدمها ماجد فخري, _eauthor _959380 |
|
| 245 | 0 | 0 | _aالفكر الاخلاقي العربي: الفقهاء والمتكلمون، ج1 |
| 264 | 3 | 1 | _aبيروت: الاهلية للنشر والتوزيع ، 1978 |
| 300 |
_a233ص _bيحتوي على مراجع ببلوجرافية |
||
| 336 |
_atext _btxt _2rdacontent |
||
| 337 |
_aunmediated _bn _2rdamedia |
||
| 338 |
_avolume _bnc _2rdacarrier |
||
| 650 | 4 |
_aالفلسفة الاسلامية- الاخلاق العربية _959381 |
|
| 999 |
_aA26718 _c30286 _d30286 |
||